Une Heure à t'attendre / (Record no. 137168)

MARC details
000 -CABECERA
campo de control de longitud fija 01585nam a2200313 i 4500
001 - NÚMERO DE CONTROL
campo de control 991061727876906706
003 - IDENTIFICADOR DEL NÚMERO DE CONTROL
campo de control ES-BaIT
005 - FECHA Y HORA DE LA ÚLTIMA TRANSACCIÓN
campo de control 20260227124822.0
008 - DATOS DE LONGITUD FIJA--INFORMACIÓN GENERAL
campo de control de longitud fija 260227e202508 fr r 000 d fre c
020 ## - NÚMERO INTERNACIONAL ESTÁNDAR DEL LIBRO
Número Internacional Estándar del Libro 9782749816913
040 ## - FUENTE DE LA CATALOGACIÓN
Centro catalogador/agencia de origen ES-BaIT
Lengua de catalogación cat
Normas de descripción rda
Centro/agencia transcriptor ES-BaIT
080 ## - NÚMERO DE LA CLASIFICACIÓN DECIMAL UNIVERSAL
Número de la Clasificación Decimal Universal 840-2"19"
100 1# - ENTRADA PRINCIPAL--NOMBRE DE PERSONA
Nombre de persona Meyniac, Sylvain
Término indicativo de función/relación autor
9 (RLIN) 168747
245 14 - MENCIÓN DE TÍTULO
Título Une Heure à t'attendre /
Mención de responsabilidad, etc. Sylvain Meyniac
264 #1 - PRODUCCIÓN, PUBLICACIÓN, DISTRIBUCIÓN, FABRICACIÓN Y COPYRIGHT
Producción, publicación, distribución, fabricación y copyright Paris :
Nombre del de productor, editor, distribuidor, fabricante L'avant-scène théâtre,
Fecha de producción, publicación, distribución, fabricación o copyright août 2025
300 ## - DESCRIPCIÓN FÍSICA
Extensión 58 pàgines ;
Dimensiones 21 cm
336 ## - TIPO DE CONTENIDO
Término de tipo de contenido text
Código de tipo de contenido txt
Fuente rdacontent
337 ## - TIPO DE MEDIO
Nombre/término del tipo de medio sense mediació
Código del tipo de medio n
Fuente rdamedia
338 ## - TIPO DE SOPORTE
Nombre/término del tipo de soporte volum
Código del tipo de soporte nc
Fuente rdacarrier
490 1# - MENCIÓN DE SERIE
Mención de serie L'Avant-scène théâtre ;
Designación de volumen o secuencia no 1579
500 ## - NOTA GENERAL
Nota general P2: H2
500 ## - NOTA GENERAL
Nota general Publicat com no 1579 (août 2025) de la revista L'Avant-scène théâtre
500 ## - NOTA GENERAL
Nota general Estrena Théâtre du Chêne Noir (Avignon) el 5 de juliol de 2025
520 ## - SUMARIO, ETC.
Sumario, etc. "Dans un appartement sous les toits, coupés du monde, pendant une heure, deux hommes vont se retrouver, se jauger, se confronter. Une femme est au cur de leur échange. Une heure à l'attendre... Elle est absente mais peuple les lieux comme si elle était déjà arrivée : son parfum dans l'air, son nom sur les lèvres, son souvenir dans le regard de ceux qui l'aiment. Une pièce qui interroge sur la nature de l'attente, la perception de l'autre et ce que la rivalité révèle de l'amour. Un huis clos intime, tendu, où la stupeur et l'émotion affleurent"-- Contracoberta
830 ## - PUNTO DE ACCESO ADICIONAL DE SERIE-TÍTULO UNIFORME
Título uniforme Avant-scène.
Nombre de parte o sección de la obra Théâtre
Designación de volumen o secuencia no 1579
9 (RLIN) 168170
908 ## - COLOCAR PARÁMETRO DE COMANDO (RLIN)
Colocar parámetro de comando CDMAE
940 ## - EQUIVALENCIA O REFERENCIA-CRUZADA--TÍTULO UNIFORME [OBSOLETO] [solamente CAN/MARC]
Título uniforme <a href="CDMAE">CDMAE</a>
942 ## - ELEMENTOS DE ENTRADA AGREGADA (KOHA)
Fuente del sistema de clasificación o colocación Clasificación decimal universal
Tipo de ítem Koha Llibre
Holdings
Estado de retiro Estado de pérdida Fuente del sistema de clasificación o colocación Estado dañado No para préstamo Localización permanente Ubicación/localización actual Ubicación en estantería Fecha de adquisición Fuente de adquisición Total de préstamos Signatura topográfica completa Código de barras Fecha visto por última vez Precio válido a partir de Tipo de ítem Koha
    Clasificación decimal universal     Biblioteca Barcelona Biblioteca Barcelona BCN Magatzem Revistes 27/02/2026 Compra   S 143-06 1900089890 27/02/2026 27/02/2026 Llibre

Powered by Koha